| 000 | 00688nam a22001937a 4500 | ||
|---|---|---|---|
| 005 | 20170802135900.0 | ||
| 010 | _aENG-119513 | ||
| 020 |
_c350.00 _a9788184654936 |
||
| 035 | _aEN-103045 | ||
| 037 | _bDBAD/PUB | ||
| 082 | _a280.8 | ||
| 245 |
_aDisruptive faith, inclusive communities : _ceditors by George Zachariah [and] Vincent Rajkumar _bChurch and homophobia / |
||
| 260 |
_aDelhi _bThe Indian Society for Promoting Christian Knowlewdge(ISPCK)) _c2015 |
||
| 270 |
_a1585,1654 Madarsa Road Kashmere Gate _bDelhi _e110006 |
||
| 300 |
_axxxii,282p. : _c24cm(pbk) _bill |
||
| 700 | _aZachariah,George | ||
| 700 | _aVincent Rajkumar | ||
| 942 |
_2ddc _cEN _mDIS _h280.8 |
||
| 999 |
_c143058 _d143058 |
||